LEADER 01801nam a2200385 u 4500 001 000000074665 003 CaOOAMICUS 005 20240605124118.0 008 021216s1977 pau u000 u eng u 020 $a0800660072 032 $aLibriCat 035 $a10948673 040 $aPUL$bita 041 1 $aeng$hger 100 1 $aWolff, Hans Walter,$d1911-1993.$0(OLS)http://pul/name/655 240 10$aDodekapropheton 2 Joel und Amos.$lInglese.$0(OLS)http://pul/title/98011 245 10$aJoel and Amos :$ba commentary on the books of the prophets Joel and Amos /$cby Hans Walter Wolff ; translated by Waldemar Janzen, S. Dean McBride Jr., and Charles A. Muenchow ; edited by S. Dean McBride. 260 $aPhiladelphia :$bFortress Press,$cc1977. 300 $axxiv, 392 p. ;$c23x22 cm 490 1 $aHermeneia : a critical and historical commentary on the Bible 500 $aComprende indici. 504 $aBibliografia: p. 358-371. 630 04$aBiblia.$pV.T.$pAmos.$0(OLS)http://pul/subject/26050 630 04$aBiblia.$pV.T.$pIoel.$0(OLS)http://pul/subject/26051 700 1 $aMcBride, S. Dean.$0(OLS)http://pul/name/48864 700 1 $aJanzen, Waldemar.$0(OLS)http://pul/name/49509 830 0$aHermeneia : a critical and historical commentary on the Bible.$0(OLS)http://pul/title/16749 850 $aPUL 852 $aPUL$W1$xSL Religione 1$y3$m6(1) E 36-37$j96268$nBK-PRI$b $qStampati$B96268$CPULBib$Z2$F96268 $H $81 941 1 $a8 961 $aINV: 87846 996 $6020$a0800660072$9(OLS)http://pul/number/96988 996 $6245$aJoel and Amos :$ba commentary on the books of the prophets Joel and Amos$9(OLS)http://pul/title/98012 996 $6260$aPhiladelphia :$bFortress Press$9(OLS)http://pul/publisher/53329 LEADER 01248nam a2200277 u 4500 001 000000075942 003 CaOOAMICUS 005 20070226123145.0 008 031027s1999 gw u000 u ger u 020 $a3893751785 035 $a10974285 040 $aPUL$bita 100 1 $aVazhayil, Cyriac.$0(OLS)http://pul/name/50518 245 10$aAuf dem Weg zu einer kontextuellen Theologie der Eucharistie im Blick auf Gedanken Ghandis /$cCyriac Vazhayil. 260 $aAltenberge :$bOros Verlag,$cc1999. 300 $a313 p. ;$c21 cm 490 1 $aMünsteraner theologische Abhandlungen ;$v59 504 $aBibliografia in appendice 650 4$aTeologia$xCritica e interpretazione.$0(OLS)http://pul/subject/8641 830 0$aMünsteraner theologische Abhandlungen ;$v59.$0(OLS)http://pul/title/452 850 $aPUL 852 $aPUL$W1$xDP2 Religione 1$y63$m63 I 59$j97610$nBK-PRI$qStampati$B97610$CPULBib$Z2$F97610 $H92431 $82 941 1 $a8 996 $6020$a3893751785$9(OLS)http://pul/number/99410 996 $6245$aAuf dem Weg zu einer kontextuellen Theologie der Eucharistie im Blick auf Gedanken Ghandis$9(OLS)http://pul/title/99610 996 $6260$aAltenberge :$bOros Verlag$9(OLS)http://pul/publisher/65123